|
|
|
|
| LEADER |
02794nam a22005535i 4500 |
| 001 |
978-3-642-17694-4 |
| 003 |
DE-He213 |
| 005 |
20151204172251.0 |
| 007 |
cr nn 008mamaa |
| 008 |
101203s2010 gw | s |||| 0|eng d |
| 020 |
|
|
|a 9783642176944
|9 978-3-642-17694-4
|
| 024 |
7 |
|
|a 10.1007/978-3-642-17694-4
|2 doi
|
| 040 |
|
|
|d GrThAP
|
| 050 |
|
4 |
|a TK5105.5-5105.9
|
| 072 |
|
7 |
|a UKN
|2 bicssc
|
| 072 |
|
7 |
|a COM075000
|2 bisacsh
|
| 082 |
0 |
4 |
|a 004.6
|2 23
|
| 245 |
1 |
0 |
|a Towards a Service-Based Internet
|h [electronic resource] :
|b Third European Conference, ServiceWave 2010, Ghent, Belgium, December 13-15, 2010. Proceedings /
|c edited by Elisabetta Di Nitto, Ramin Yahyapour.
|
| 264 |
|
1 |
|a Berlin, Heidelberg :
|b Springer Berlin Heidelberg,
|c 2010.
|
| 300 |
|
|
|a XIV, 240 p. 84 illus.
|b online resource.
|
| 336 |
|
|
|a text
|b txt
|2 rdacontent
|
| 337 |
|
|
|a computer
|b c
|2 rdamedia
|
| 338 |
|
|
|a online resource
|b cr
|2 rdacarrier
|
| 347 |
|
|
|a text file
|b PDF
|2 rda
|
| 490 |
1 |
|
|a Lecture Notes in Computer Science,
|x 0302-9743 ;
|v 6481
|
| 520 |
|
|
|a This volume constitutes the refereed proceedings of the Third European Conference, ServiceWave 2010, held in Ghent, Belgium, in December 2010. The 15 revised full papers presented were carefully reviewed and selected from 49 submissions. They cover a broad range of subjects related to service-oriented architectures and the underlying cloud infrastructure and are organized in topical sections on cloud computing, service adaptation and identification, infrastructures, applications and mashups, and engineering of service-oriented applications. In addition to the scientific track, 24 extended abstracts of demonstrations covering a wide spectrum of technology and application domains were accepted out of 31 submissions.
|
| 650 |
|
0 |
|a Computer science.
|
| 650 |
|
0 |
|a Computer communication systems.
|
| 650 |
|
0 |
|a Computer programming.
|
| 650 |
|
0 |
|a Software engineering.
|
| 650 |
|
0 |
|a Algorithms.
|
| 650 |
|
0 |
|a Information storage and retrieval.
|
| 650 |
1 |
4 |
|a Computer Science.
|
| 650 |
2 |
4 |
|a Computer Communication Networks.
|
| 650 |
2 |
4 |
|a Software Engineering.
|
| 650 |
2 |
4 |
|a Information Systems Applications (incl. Internet).
|
| 650 |
2 |
4 |
|a Algorithm Analysis and Problem Complexity.
|
| 650 |
2 |
4 |
|a Information Storage and Retrieval.
|
| 650 |
2 |
4 |
|a Programming Techniques.
|
| 700 |
1 |
|
|a Nitto, Elisabetta Di.
|e editor.
|
| 700 |
1 |
|
|a Yahyapour, Ramin.
|e editor.
|
| 710 |
2 |
|
|a SpringerLink (Online service)
|
| 773 |
0 |
|
|t Springer eBooks
|
| 776 |
0 |
8 |
|i Printed edition:
|z 9783642176937
|
| 830 |
|
0 |
|a Lecture Notes in Computer Science,
|x 0302-9743 ;
|v 6481
|
| 856 |
4 |
0 |
|u http://dx.doi.org/10.1007/978-3-642-17694-4
|z Full Text via HEAL-Link
|
| 912 |
|
|
|a ZDB-2-SCS
|
| 912 |
|
|
|a ZDB-2-LNC
|
| 950 |
|
|
|a Computer Science (Springer-11645)
|